| 000 | 00971nam a2200241 a 4500 | ||
|---|---|---|---|
| 001 | 83687 | ||
| 003 | BD-RjUL | ||
| 005 | 20240508124638.0 | ||
| 008 | 240508s2005 bg a|||| m||| 00| 0 eng d | ||
| 035 | _a(BD-RjUL)83687 | ||
| 040 |
_aBD-RjUL _beng _cBD-RjUL _dBD-RjUL |
||
| 041 | _aeng | ||
| 082 |
_223 _a641.3526 _bUDI 2005 |
||
| 100 | _aUd-deen, Md. Mosleh | ||
| 245 | 1 | 0 |
_aInfluence of Plant Growth Retardants on Morphological, Cytological and Biochemical Characteristics of Onion (Allium Cepa L.) / _cBy Md. Mosleh Ud-deen ; _6Supervisor : Golam Kabir |
| 260 |
_aRajshahi : _bDepartment of Agronomy and Agricultural Extension, University of Rajshahi, _c2005 |
||
| 300 |
_axiii, 273 Leaves : _bill, ; _c29 cm. |
||
| 502 | _aThesis (Ph. D.) -- Department of Agronomy and Agricultural Extension, University of Rajshahi, 2005 | ||
| 504 | _aLiterature : Leaves [254]-271 | ||
| 650 |
_2Plant Crops _aOnion |
||
| 700 |
_aKabir, Golam, Supervisor _93775 |
||
| 942 |
_2ddc _cTHE |
||
| 999 |
_c83687 _d83687 |
||